| 000 | 00484nam a22001457a 4500 | ||
|---|---|---|---|
| 003 | MACL | ||
| 005 | 20190421155413.0 | ||
| 008 | 190421b xxu||||| |||| 00| 0 eng d | ||
| 040 | _cMACL | ||
| 100 |
_aबेनीपुरी,श्रीरामवृक्ष _973840 |
||
| 245 | _aजयप्रकाश नारायण एक जीवनी | ||
| 260 |
_aनई दिल्ली _bकिेताब घर _c2016 |
||
| 650 |
_aजीवनी _97943 |
||
| 942 |
_2ddc _cHIN |
||
| 999 |
_c59406 _d59406 |
||